| 000 | 00380nam a2200109Ia 4500 | ||
|---|---|---|---|
| 008 | 180315s9999 xx 000 0 und d | ||
| 020 | _a9781138932142 | ||
| 100 | _aCremin, Teresa | ||
| 245 |
_cFlewitt, Rosie ; Mardell, Ben _aStorytelling in early childhood : _benriching language, literacy and classroom culture |
||
| 260 |
_aNew York : _b2017 _cRoutledge |
||
| 300 | _axiii, 209 pages | ||
| 999 |
_c356327 _d356327 |
||